000 00575nam a22002057a 4500
999 _c7852
_d7852
003 OSt
005 20220325120620.0
008 220325b ||||| |||| 00| 0 eng d
020 _a 9780077132392
040 _cDDC
082 _a658.1554 COS, 2012
100 _aWOUTERS MARC
_915971
245 _aCOST MANAGEMENT
_bSTRATEGIES FOR BUSINESS DECISIONS
250 _aINTERNATIONAL ED
260 _aLONDON:
_bMCGRAW-HILL
_c2012
300 _aXXX,865P.
_bILL COL;
_c26CM
504 _aINCLUDESCASES , GLOSSARY AND INDEX
650 _aCOST MANAGEMENT
_915850
942 _2ddc
_cBOOK